| 000 | 02347nam a22002777a 4500 | ||
|---|---|---|---|
| 005 | 20160226112124.0 | ||
| 008 | 160226n sp a|||fr|||| 001 0 spa d | ||
| 040 |
_cSandra Yazo _dSandra Yazo |
||
| 041 | 0 | _aspa | |
| 082 | 0 | 4 |
_220 _a551.72 |
| 092 | _aE37N065 | ||
| 100 | 1 |
_aPérez de Barradas, José _975857 |
|
| 245 | 1 | 3 |
_aLa infancia de la humanidad _cpor José Pérez de Barradas |
| 250 | _aSegunda edición | ||
| 260 |
_aMadrid (España) _bManuales "Germen" _bTalleres Luz y Vida _c[fecha desconocida] |
||
| 300 |
_a216 páginas _c19 x 12 cm. |
||
| 490 |
_aManuales Germen - Gurpo V _v41 |
||
| 500 | _aEjemplar en buen estado de conservación. Encuadernación rígida (holandesa) en cartón forrado en papel. Lomo en tela con letras en dorado. Guardas. Hoja de cortesía con una nota manuscrita de donación. Portada impresa en una sola tinta. Texto impreso en una sola tinta. Varias ilustraciones entre el texto | ||
| 505 | 2 | _aLa edad de piedra tallada: La historia de la tierra y la historia del hombre ; La flora y la fauna de las épocas interglaciares cuaternarias ; Concordancia de los fenómenos geológicos con el hombre fósil y su culturas ; Las razas cuaternarias ; La talla de piedra ; La industria del hueso, asta o marfil ; La vivienda ; la casa : La pesca ; traje y adorno -- La edad de la piedra pulimentada ; Los círculos culturales neolíticos europeos ; Las culturas neolíticas orientales y comienzo de los tiempos históricos ; Cronología ; El pulimento de la piedra ; La talla de la piedra y la primitiva cartería ; El cobre, la cerámica, el vestido y el trenzado, la vivienda -- La edad de bronce: sus límites y el origen de la metalurgia ; La cultura europea de la edad de bronce ; Las minas de cobre, estaño ; Fabricación del bronce la industria de metal ; El comercio ; El arte ; La religión -- La edad de hierro: los límites de la edad de hierro : Las culturas europeas de la edad de hierro ; Las minas de hierro ; la forja ; La industria de metal ; La cerámica ; Las minas de sal ; El traje y el adorno ; Ciudades y fortalezas ; El comercio ; El origen de la moneda | |
| 506 | _aConsulta en sala | ||
| 650 | 7 |
_916364 _aGeología |
|
| 650 | 7 |
_913752 _aEdad de Piedra |
|
| 650 | 7 |
_913751 _aEdad de Hierro |
|
| 650 | 7 |
_913750 _aEdad de Bronce |
|
| 942 |
_2LOCAL _cLIBRO _e2 _hE37N065 |
||
| 999 |
_c302817 _d302817 |
||